Cảnh thế thông ngôn; T1

Đây là một bộ tổng tập "Thoại bản" và Nghị thoại bản" do Phùng Mộng Long - một tác giả văn học dân gian xuất sắc của tỉnh Giang Tô, Trung Quốc ở vào thế kỷ 17 - biên soạn; nội dung viết về các mẫu chuyện thuộc các đời Tống,...

पूर्ण विवरण

में बचाया:
ग्रंथसूची विवरण
मुख्य लेखक: Phùng Mộng Long
स्वरूप: पुस्तक
भाषा:Undetermined
प्रकाशित: Cà Mau Mũi Cà Mau 1998
विषय:
टैग : टैग जोड़ें
कोई टैग नहीं, इस रिकॉर्ड को टैग करने वाले पहले व्यक्ति बनें!
Thư viện lưu trữ: Trung tâm Học liệu Trường Đại học Cần Thơ
LEADER 00866nam a2200181Ia 4500
001 CTU_32597
008 210402s9999 xx 000 0 und d
082 |a 895.13081 
082 |b L431/T1 
100 |a Phùng Mộng Long 
245 0 |a Cảnh thế thông ngôn; T1 
245 0 |c Phùng Mộng Long 
260 |a Cà Mau 
260 |b Mũi Cà Mau 
260 |c 1998 
520 |a Đây là một bộ tổng tập "Thoại bản" và Nghị thoại bản" do Phùng Mộng Long - một tác giả văn học dân gian xuất sắc của tỉnh Giang Tô, Trung Quốc ở vào thế kỷ 17 - biên soạn; nội dung viết về các mẫu chuyện thuộc các đời Tống, Nguyên, Minh 
650 |a chinese literature - 17th century 
980 |a Trung tâm Học liệu Trường Đại học Cần Thơ